<?xml version="1.0" encoding="UTF-8"?>
<record
    xmlns:xsi="http://www.w3.org/2001/XMLSchema-instance"
    xsi:schemaLocation="http://www.loc.gov/MARC21/slim http://www.loc.gov/standards/marcxml/schema/MARC21slim.xsd"
    xmlns="http://www.loc.gov/MARC21/slim">

  <leader>00829nam a2200193Ia 4500</leader>
  <controlfield tag="008">151121s9999||||xx |||||||||||||| ||und||</controlfield>
  <datafield tag="082" ind1=" " ind2=" ">
    <subfield code="a">500/&#x92C;&#x93F;&#x921;&#x93C;&#x932;&#x93E;</subfield>
  </datafield>
  <datafield tag="082" ind1=" " ind2=" ">
    <subfield code="b">HNW-18704</subfield>
  </datafield>
  <datafield tag="100" ind1=" " ind2=" ">
    <subfield code="a">"&#x92C;&#x93F;&#x921;&#x93C;&#x932;&#x93E; &#x918;&#x928;&#x936;&#x94D;&#x92F;&#x93E;&#x92E;&#x926;&#x93E;&#x938;, &#x938;&#x93F;&#x902;&#x939; &#x92A;&#x93E;&#x930;&#x938;&#x928;&#x93E;&#x925;"</subfield>
  </datafield>
  <datafield tag="245" ind1=" " ind2=" ">
    <subfield code="a">&#x930;&#x941;&#x92A;&#x90F;  &#x915;&#x940; &#x915;&#x939;&#x93E;&#x928;&#x940;</subfield>
  </datafield>
  <datafield tag="260" ind1=" " ind2=" ">
    <subfield code="b">"&#x938;&#x938;&#x94D;&#x924;&#x93E; &#x938;&#x93E;&#x939;&#x93F;&#x924;&#x94D;&#x92F; &#x92E;&#x923;&#x94D;&#x921;&#x932; &#x92A;&#x94D;&#x930;&#x915;&#x93E;&#x936;&#x928;, &#x928;&#x964; &#x926;&#x93F;&#x932;&#x94D;&#x932;&#x940;"</subfield>
  </datafield>
  <datafield tag="260" ind1=" " ind2=" ">
    <subfield code="c">--</subfield>
  </datafield>
  <datafield tag="300" ind1=" " ind2=" ">
    <subfield code="a">295</subfield>
  </datafield>
  <datafield tag="600" ind1=" " ind2=" ">
    <subfield code="a">"&#x92C;&#x93F;&#x921;&#x93C;&#x932;&#x93E; &#x918;&#x928;&#x936;&#x94D;&#x92F;&#x93E;&#x92E;&#x926;&#x93E;&#x938;, &#x938;&#x93F;&#x902;&#x939; &#x92A;&#x93E;&#x930;&#x938;&#x928;&#x93E;&#x925;"</subfield>
  </datafield>
  <datafield tag="630" ind1=" " ind2=" ">
    <subfield code="a">&#x930;&#x941;&#x92A;&#x90F;  &#x915;&#x940; &#x915;&#x939;&#x93E;&#x928;&#x940;</subfield>
  </datafield>
  <datafield tag="700" ind1=" " ind2=" ">
    <subfield code="a">"&#x92C;&#x93F;&#x921;&#x93C;&#x932;&#x93E; &#x918;&#x928;&#x936;&#x94D;&#x92F;&#x93E;&#x92E;&#x926;&#x93E;&#x938;, &#x938;&#x93F;&#x902;&#x939; &#x92A;&#x93E;&#x930;&#x938;&#x928;&#x93E;&#x925;"</subfield>
  </datafield>
  <datafield tag="730" ind1=" " ind2=" ">
    <subfield code="a">&#x930;&#x941;&#x92A;&#x90F;  &#x915;&#x940; &#x915;&#x939;&#x93E;&#x928;&#x940;</subfield>
  </datafield>
  <datafield tag="942" ind1=" " ind2=" ">
    <subfield code="c">BOOK</subfield>
  </datafield>
  <datafield tag="999" ind1=" " ind2=" ">
    <subfield code="c">1220533</subfield>
    <subfield code="d">1220530</subfield>
  </datafield>
  <datafield tag="952" ind1=" " ind2=" ">
    <subfield code="0">0</subfield>
    <subfield code="1">0</subfield>
    <subfield code="4">0</subfield>
    <subfield code="7">0</subfield>
    <subfield code="a">HNW</subfield>
    <subfield code="b">HNW</subfield>
    <subfield code="d">2015-11-21</subfield>
    <subfield code="g">3.00</subfield>
    <subfield code="l">0</subfield>
    <subfield code="o">HNW-18704</subfield>
    <subfield code="p">HNW-18704</subfield>
    <subfield code="r">2015-11-21 00:00:00</subfield>
    <subfield code="v">3.00</subfield>
    <subfield code="w">2015-11-21</subfield>
    <subfield code="y">BOOK</subfield>
  </datafield>
</record>
